000 00364nam a2200133Ia 4500
005 20260326100047.0
008 260326s9999||||xx |||||||||||||| ||und||
100 _aChampion, Roberto A.
245 0 _aLas corrientes de la Arquitectura Contemporánea /
_cRoberto A. Champion
260 _bColmegna
300 _a172 p.
650 _aARQUITECTURA MODERNA
942 _cBK
999 _c7242
_d7242